Normal view
MARC view
Entry Personal Name
001 - CONTROL NUMBER
- control field: 70461
003 - CONTROL NUMBER IDENTIFIER
- control field: dpl
005 - DATE AND TIME OF LATEST TRANSACTION
- control field: 20240823110902.0
008 - FIXED-LENGTH DATA ELEMENTS
- fixed length control field: 240823|| aca||aabn | a|a d
040 ## - CATALOGING SOURCE
- Original cataloging agency: dpl
- Transcribing agency: dpl
100 ## - HEADING--PERSONAL NAME
- Personal name: Saxena, Namit
670 ## - SOURCE DATA FOUND
- Source citation: Work cat.: (dpl)205224: Saxena, Namit , Concise Commentary on the Bharatia Nagarik Suraksha Sanhita 2023/, 2024
